The rise of Chingis Khan and his conquest of North China / (Record no. 25642)
[ view plain ]
| 000 -LEADER | |
|---|---|
| fixed length control field | 00942mam a2200277 4500 |
| 001 - CONTROL NUMBER | |
| control field | 25642 |
| 003 - CONTROL NUMBER IDENTIFIER | |
| rucl marc code | BD-RjUL |
| 005 - DATE AND TIME OF LATEST TRANSACTION | |
| control field | 20211209050915.0 |
| 008 - FIXED-LENGTH DATA ELEMENTS--GENERAL INFORMATION | |
| fixed length control field | 140318r19521950mdu 001 0 eng |
| 035 ## - SYSTEM CONTROL NUMBER | |
| System control number | (OCoLC)ocm02744972 |
| System control number | (BD-RjUL)25712 |
| System control number | (NNC)1563502 |
| 040 ## - CATALOGING SOURCE | |
| Original cataloging agency | DLC |
| Transcribing agency | CBY |
| Modifying agency | UKM |
| -- | BD-RjUL |
| Language of cataloging | eng |
| 041 ## - LANGUAGE CODE | |
| Language code of text/sound track or separate title | eng |
| 082 ## - DEWEY DECIMAL CLASSIFICATION NUMBER | |
| Classification number | 951.025 |
| Author mark and year | MAR 1966 |
| 100 1# - MAIN ENTRY--PERSONAL NAME | |
| Personal name | Martin, H. Desmond |
| Fuller form of name | (Henry Desmond), |
| Dates associated with a name | 1908- |
| 9 (RLIN) | 78787 |
| 245 14 - TITLE STATEMENT | |
| Title | The rise of Chingis Khan and his conquest of North China / |
| Statement of responsibility, etc. | introd. by Owen Lattimore. Edited by Eleanor Lattimore. |
| 260 ## - PUBLICATION, DISTRIBUTION, ETC. (IMPRINT) | |
| Place of publication, distribution, etc. | Baltimore : |
| Name of publisher, distributor, etc. | Johns Hopkins Press, |
| Date of publication, distribution, etc. | 1950 [printing 1952] |
| 300 ## - PHYSICAL DESCRIPTION | |
| Pagination | xvii, 360 p. : |
| Illustrations | port., maps (3 fold. in pocket) ; |
| Size | 24 cm. |
| 504 ## - BIBLIOGRAPHY, ETC. NOTE | |
| Bibliography, etc | Includes Bibliography: p. 339-344 and index. |
| 600 00 - SUBJECT ADDED ENTRY--PERSONAL NAME | |
| Personal name | Genghis Khan, |
| Dates associated with a name | 1162-1227. |
| 651 #0 - SUBJECT ADDED ENTRY--GEOGRAPHIC NAME | |
| Geographic name | China |
| General subdivision | History. |
| 9 (RLIN) | 78789 |
| 942 ## - ADDED ENTRY ELEMENTS (KOHA) | |
| Source of classification or shelving scheme | Dewey Decimal Classification |
| Koha item type | Books |
| Lost status | Source of classification or shelving scheme | Damaged status | Not for loan | Collection code | Permanent Location | Current Location | Shelving location | Date acquired | Source of acquisition | Cost, normal purchase price | Total Checkouts | Full call number | Date last seen | Date checked out | Copy number | Koha item type |
|---|---|---|---|---|---|---|---|---|---|---|---|---|---|---|---|---|
| Dewey Decimal Classification | Non-fiction | Central Library, University of Rajshahi | Central Library, University of Rajshahi | 25/06/1955 | O.U.P | 21.80 | 2 | 951.025 MAR 1952 | 22/05/2017 | 13/04/2017 | C-2 | Books | ||||
| Dewey Decimal Classification | Added to bundle | Non-fiction | Central Library, University of Rajshahi | Central Library, University of Rajshahi | 08/12/1955 | publish Limited org. | 30.14 | 951.025 MAR 1952 | 18/03/2014 | C-1 | Books |